| 000 | 00993nam a2200229 i 4500 | ||
|---|---|---|---|
| 001 | 124855 | ||
| 003 | ES-MaACL | ||
| 005 | 20230906192518.0 | ||
| 007 | t| | ||
| 008 | 070423s1932 sp ||||1| spa d | ||
| 100 | 1 |
_aLópez Argüello, Alberto. _973414 |
|
| 245 | 1 | 3 |
_aEl seguro de maternidad _b: conferencia a los obreros : Real Decreto-Ley de 22 de marzo de 1929, Reglamento de 29 de enero de 1930 y Ley de 26 de mayo de 1931 : exposición y comentario / _cpor Alberto López Argüello. |
| 250 | _a2ª ed. | ||
| 260 |
_aMadrid : _b[s.n.], _c1932 ( _fImp. y Enc. de los Sobrinos de la Suc. de M. Minuesa de los Ríos) |
||
| 300 |
_a39 p. ; _c21 cm. |
||
| 490 | 1 |
_aPublicaciones del Instituto Nacional de Previsión ; _v311 |
|
| 650 |
_aSubsidio de maternidad- _zEspaña. _917240 |
||
| 710 | 2 |
_aInstituto Nacional de Previsión (España) _95180 |
|
| 830 | 1 |
_aPublicaciones del Instituto Nacional de Previsión ; _v311 _9181151 |
|
| 852 |
_aES-MaACL _jC-12650(12) |
||
| 999 |
_c124855 _d124855 |
||